书目信息 |
| 题名: |
机会的概率有多大
|
|
| 作者: | 霍兰, 著 ;陈林 译 | |
| 分册: | ||
| 出版信息: | 广州 暨南大学出版社 2005.11 |
|
| 页数: | 174页 | |
| 开本: | 23cm | |
| 丛书名: | ||
| 单 册: | ||
| 中图分类: | O211-49 | |
| 科图分类: | ||
| 主题词: | 概率论--gai lu lun--普及读物 | |
| 电子资源: | ||
| ISBN: | 7-81079-626-7 | |
| 000 | 00936nam0 2200241 450 | |
| 001 | 012006377702 | |
| 005 | 20060522103829.82 | |
| 010 | @a7-81079-626-7@dCNY18.00 | |
| 100 | @a20060512d2005 km y0chiy0120 ea | |
| 101 | 1 | @achi@ceng |
| 102 | @aCN@b440000 | |
| 105 | @aa z 000yy | |
| 200 | 1 | @a机会的概率有多大@Aji hui de gai lu you duo da@d= What are the chances?@f(美) 巴特·K.霍兰著@F(mei)ba te·K.huo lan zhu@g陈林译@Gchen lin yi@zeng |
| 210 | @a广州@c暨南大学出版社@d2005.11 | |
| 215 | @a174页@c图@d23cm | |
| 330 | @a本书将现实生活中的故事编织在一起,用日常事件中惊人的概率实例,讲述如何在保险业、司法系统、医学研究、航天工程和气象学等不同领域成功地应用概率规律。 | |
| 510 | 1 | @aWhat are the chances?@zeng |
| 606 | 0 | @a概率论@Agai lu lun@j普及读物 |
| 690 | @aO211-49@v4 | |
| 701 | 1 | @a霍兰,@Ahuo lan,@g(Holland, Bart K.)@4著 |
| 702 | 0 | @a陈林@Achen lin@4译 |
| 801 | 0 | @aCN@bQSSK@c20060522 |
| 905 | @a10447@dO211-49@eH972 | |
| 机会的概率有多大= What are the chances?/(美) 巴特·K.霍兰著/陈林译.-广州:暨南大学出版社,2005.11 |
| 174页:图;23cm |
| ISBN 7-81079-626-7:CNY18.00 |
| 本书将现实生活中的故事编织在一起,用日常事件中惊人的概率实例,讲述如何在保险业、司法系统、医学研究、航天工程和气象学等不同领域成功地应用概率规律。 |
| ● |
| 相关链接 |
|
|
|
正题名:机会的概率有多大
索取号:O211-49/H972
 
预约/预借
| 序号 | 登录号 | 条形码 | 馆藏地/架位号 | 状态 | 备注 |
| 1 | 580605 | 205806056 | 自科库401/401自科库 47排5列4层/ [索取号:O211-49/H972] | 在馆 | |
| 2 | 580606 | 205806065 | 自科库401/401自科库 47排5列4层/ [索取号:O211-49/H972] | 在馆 | |
| 3 | 580607 | 205806074 | 自科库401/401自科库 47排5列4层/ [索取号:O211-49/H972] | 在馆 |